LEADER 00864nam a2200229 i 4500 001 000000170155 003 CaOOAMICUS 005 20080312000000.0 008 080312s1928 it u000 u ita u 013 $a147562 040 $aSeMil$bita 100 1 $aFerrari, Paolo <1822-1899>.$0(OLS)http://semarc/name/11351 245 13$aIl duello :$bcommedia in cinque atti /$cPaolo Ferrari. 260 $aMilano :$bTreves,$c1928. 300 $a188 p. ;$c17 cm. 490 0 $aTeatro 650 4$aTeatro italiano - Sec. 20.$0(OLS)http://semarc/subject/31915 830 0$aTeatro.$0(OLS)http://semarc/title/2639 850 $aSeMil 852 $aSeMil$W1$xVenegono$y1$m1S I 41$j121051$B121051$CSeMilBibl$Z2$F132353 $81 996 $6245$aIl duello :$bcommedia in cinque atti$9(OLS)http://semarc/title/243347 996 $6260$aMilano :$bTreves$9(OLS)http://semarc/publisher/30435 LEADER 01041nam a2200253 i 4500 001 000000052362 003 CaOOAMICUS 005 20120718000000.0 008 120718s2011 xx u000 u lat u 013 $a23534 040 $aSeMil$bita 100 1 $aKabaphes, Konstantinos <1863-1933>.$0(OLS)http://semarc/name/17325 245 13$aLa memoria e la passione /$cCostantino Kavafis ; a cura di Filippomaria Pontani. 260 $aMilano :$bCorriere della Sera,$c2011. 300 $a254 p. :$b1 ritratto ;$c18 cm. 490 0 $aUn secolo di poesia ;$v2 500 $aTesto originale a fronte. 700 1 $aPontani, Filippo Maria.$0(OLS)http://semarc/name/374 830 3$aUn secolo di poesia ;$v2.$0(OLS)http://semarc/title/16358 850 $aSeMil 852 $aSeMil$W1$xVenegono$y1$m1V I 192$j18517$B18517$CSeMilBibl$Z2$F18518 $81 961 $aOmaggio: Martinelli don Romano 996 $6245$aLa memoria e la passione$9(OLS)http://semarc/title/80343 996 $6260$aMilano :$bCorriere della Sera$9(OLS)http://semarc/publisher/33390